|
|
|
|
| LEADER |
02766nam a2200481 a 4500 |
| 001 |
EBC459684 |
| 003 |
MiAaPQ |
| 005 |
20200520144314.0 |
| 006 |
m o d | |
| 007 |
cr cn||||||||| |
| 008 |
070827s2008 dcua sb 001 0 eng |
| 010 |
|
|
|z 2007034287
|
| 020 |
|
|
|z 9780821370841
|
| 020 |
|
|
|z 0821370847
|
| 020 |
|
|
|z 9780821370858
|
| 020 |
|
|
|z 0821370855
|
| 035 |
|
|
|a (MiAaPQ)EBC459684
|
| 035 |
|
|
|a (Au-PeEL)EBL459684
|
| 035 |
|
|
|a (CaPaEBR)ebr10197133
|
| 035 |
|
|
|a (CaONFJC)MIL109985
|
| 035 |
|
|
|a (OCoLC)290490770
|
| 040 |
|
|
|a MiAaPQ
|c MiAaPQ
|d MiAaPQ
|
| 043 |
|
|
|a cl-----
|
| 050 |
|
4 |
|a HJ799.53
|b .F574 2008
|
| 082 |
0 |
4 |
|a 336.3098
|2 22
|
| 245 |
0 |
0 |
|a Fiscal policy, stabilization, and growth
|h [electronic resource] :
|b prudence or abstinence? /
|c edited by Guillermo E. Perry, Luis Serven, and Rodrigo Suescun.
|
| 260 |
|
|
|a Washington, D.C. :
|b World Bank,
|c c2008.
|
| 300 |
|
|
|a xx, 329 p. :
|b ill.
|
| 490 |
1 |
|
|a Latin American development forum series
|
| 504 |
|
|
|a Includes bibliographical references and index.
|
| 505 |
0 |
|
|a Overview: fiscal policy, economic fluctuations and growth / Guillermo Perry, Luis Serven, Rodrigo Suescun and Timothy Irwin -- Procyclical fiscal policy and volatility -- Fiscal discipline, volatility and growth / Antonio Fatas and Ilian Mihov -- The size and effectiveness of fiscal automatic stabilizers in Latin America / Rodrigo Suescun -- Fiscal federalism and procyclical spending: the cases of Argentina and Brazil / Federico Sturzenegger and Rogerio Werneck -- Fiscal rules and procyclicality / Guillermo Perry -- Fiscal policy and growth -- Fiscal discipline, public investment and growth / Luis Serven -- Incentives for public investment under fiscal rules / Jack Mintz and Michael Smart -- Improving the SGP through a proper accounting of public investment / Oliver Blanchard and Francesco Giavazzi -- Accrual accounting, long-term fiscal projections, and public investment / Timothy Irwin -- Growth and fiscal effects of infrastructure investment in Brazil / Pedro Cavalcanti Ferreira and Carlos Hamilton Vasconcelos Araujo.
|
| 533 |
|
|
|a Electronic reproduction. Ann Arbor, MI : ProQuest, 2015. Available via World Wide Web. Access may be limited to ProQuest affiliated libraries.
|
| 650 |
|
0 |
|a Fiscal policy
|z Latin America.
|
| 650 |
|
0 |
|a Finance, Public
|z Latin America.
|
| 650 |
|
0 |
|a Economic stabilization
|z Latin America.
|
| 651 |
|
0 |
|a Latin America
|x Economic policy.
|
| 655 |
|
4 |
|a Electronic books.
|
| 700 |
1 |
|
|a Perry, Guillermo.
|
| 700 |
1 |
|
|a Serven, Luis.
|
| 700 |
1 |
|
|a Suescun, Rodrigo.
|
| 710 |
2 |
|
|a ProQuest (Firm)
|
| 830 |
|
0 |
|a Latin American development forum.
|
| 856 |
4 |
0 |
|u https://ebookcentral.proquest.com/lib/matrademy/detail.action?docID=459684
|z Click to View
|